[Event "Brno festival"]
[Site "?"]
[Date "2015.08.24"]
[Round "3"]
[White "Pokorny, Petr"]
[Black "Roubalik, Jakub"]
[Result "1/2-1/2"]
[WhiteElo "2164"]
[BlackElo "2379"]
[PlyCount "104"]

1. d4 Nf6 2. c4 e6 3. Nc3 Bb4 4. Qc2 O-O 5. a3 Bxc3+ 6. Qxc3 d5 7. Nf3 dxc4 8.
Qxc4 b6 9. Bg5 Ba6 10. Qa4 Qd7 11. Qxd7 Nbxd7 12. Bxf6 Nxf6 13. e3 Bxf1 14.
Rxf1 c5 15. Rc1 Ne4 16. dxc5 Nxc5 17. Ke2 Rfc8 18. Nd2 Na4 19. b3 Nc3+ 20. Kd3
Nd5 21. Ne4 f5 22. Nc3 Nf6 23. Ke2 a6 24. f3 b5 25. Na2 Kf7 26. Rxc8 Rxc8 27.
Rc1 Rxc1 28. Nxc1 Ke7 29. Nd3 Kd6 30. b4 Nd7 31. e4 Nb6 32. Nc5 Nc4 33. Nxa6
Nxa3 34. Nc5 Nc2 35. Nd3 g5 36. Kd2 Nd4 37. Ke3 Nc2+ 38. Kd2 Nd4 39. Ke3 Nc6
40. g3 h6 41. h3 Ne7 42. Kd4 Nc6+ 43. Ke3 Nd8 44. Kd4 e5+ 45. Ke3 f4+ 46. Kf2
h5 47. g4 h4 48. Ke2 Nc6 49. Kd2 Nd4 50. Ne1 Kc6 51. Kd3 Kd6 52. Kd2 Ke6
1/2-1/2

[Event "Brno festival"]
[Site "?"]
[Date "2015.08.24"]
[Round "3"]
[White "Zpevakova, Jana"]
[Black "Strebkovs, Andrejs"]
[Result "0-1"]
[WhiteElo "1997"]
[BlackElo "2358"]
[PlyCount "94"]

1. d4 g6 2. c4 Bg7 3. Nf3 d6 4. Nc3 c6 5. h3 e5 6. e4 Nd7 7. Be2 Ngf6 8. O-O
O-O 9. Be3 Re8 10. d5 cxd5 11. cxd5 Nc5 12. Nd2 a5 13. a3 a4 14. Bxc5 dxc5 15.
Nxa4 Qa5 16. Nc3 Bd7 17. Nc4 Qc7 18. a4 h6 19. f4 Nh7 20. d6 Qd8 21. Nd5 exf4
22. Ne7+ Rxe7 23. dxe7 Qxe7 24. Rxf4 Bd4+ 25. Kh1 Bc6 26. Bd3 Ng5 27. Qe2 Re8
28. Raf1 Nxe4 29. Bxe4 Bxe4 30. Rxf7 Qe6 31. Kh2 Bf5 32. Qxe6 Bxe6 33. Rxb7
Bxc4 34. Rc1 Bd5 35. Rd7 Be6 36. Rb7 Ra8 37. b3 Bd5 38. Rb6 Re8 39. Rxg6+ Kh7
40. Rg4 Bxb3 41. a5 h5 42. Rg5 Kh6 43. Rgxc5 Bxc5 44. Rxc5 Re2 45. Kg3 Rd2 46.
Rc6+ Kg7 47. h4 Rd3+ {
a èerný vyhrál v 65. tahu. Zbytek partiáøù neèitelný. JK.l} 0-1

[Event "Brno festival"]
[Site "?"]
[Date "2015.08.24"]
[Round "3"]
[White "Krejci, Petr"]
[Black "Fiala, Vaclav"]
[Result "0-1"]
[WhiteElo "2047"]
[BlackElo "2241"]
[PlyCount "78"]

1. Nf3 c5 2. g3 Nc6 3. c4 g6 4. Bg2 Bg7 5. O-O d6 6. Nc3 Rb8 7. d3 a6 8. a4 Bg4
9. h3 Bd7 10. e3 Qc8 11. Kh2 h5 12. Ng1 Nh6 13. f4 Ng4+ 14. Kh1 h4 15. gxh4
Rxh4 16. Nf3 Rh8 17. Nd5 b5 18. axb5 axb5 19. cxb5 Rxb5 20. Ra8 Rb8 21. Rxb8
Qxb8 22. Kg1 Nf6 23. Nxf6+ Bxf6 24. Ng5 Bxb2 25. Bxb2 Qxb2 26. Qa4 Nd8 27. Qd1
f6 28. Rf2 Qb4 29. Qa1 Qa4 30. Ra2 Qb5 31. Be4 Rg8 32. Rb2 Qa4 33. Ra2 Qb3 34.
Rb2 Qc3 35. Bd5 Qxd3 36. Bxg8 Qxe3+ 37. Rf2 fxg5 38. Bc4 Bc6 39. fxg5 Qxh3 0-1

[Event "Brno festival"]
[Site "?"]
[Date "2015.08.24"]
[Round "3"]
[White "Kozusek, Daniel"]
[Black "Tovarek, Antonin"]
[Result "1-0"]
[WhiteElo "2347"]
[BlackElo "1972"]
[PlyCount "171"]

1. d4 Nf6 2. c4 e6 3. g3 c5 4. Nf3 cxd4 5. Nxd4 Nc6 6. Bg2 Be7 7. O-O O-O 8.
Nc3 a6 9. b3 Qc7 10. Bb2 Nxd4 11. Qxd4 Bc5 12. Qh4 e5 13. Qg5 d6 14. Na4 Ba7
15. c5 Re8 16. cxd6 Qxd6 17. Rfd1 Qe7 18. Qd2 Bf5 19. Qd6 Qxd6 20. Rxd6 Ne4 21.
Bxe4 Bxe4 22. Rad1 Bc6 23. Nc3 Rac8 24. Kf1 Bc5 25. R6d2 f5 26. Nd5 Kf7 27. Rc2
Bf8 28. Ne3 f4 29. Nc4 Bb5 30. Rdc1 Bxc4 31. Rxc4 Rxc4 32. Rxc4 Bd6 33. Re4 g5
34. Kg2 h5 35. e3 fxg3 36. hxg3 Kg6 37. Rc4 e4 38. Bd4 Kf5 39. Bb6 Re7 40. Rc8
Rh7 41. Rd8 Ke6 42. Rg8 Kf5 43. Bd8 Be7 44. Kh3 Bxd8 45. Rxd8 Rc7 46. Rd2 Rc3
47. Kg2 Rc7 {(R)} 48. Rd5+ Kf6 49. Rd6+ Kf5 50. a4 Rh7 51. Rd5+ Kf6 52. g4 hxg4
53. Kg3 Rc7 54. Kxg4 Rc3 55. Rd6+ Ke5 56. Rb6 Rc7 57. Rg6 Rc3 58. b4 Rc4 59.
Rb6 Rc2 60. Kg3 Rc7 61. a5 Rg7 62. Kg4 Kd5 63. b5 axb5 64. Rxb5+ Kc4 65. Rxg5
Rh7 66. Kf4 Rh2 67. Kxe4 Rxf2 68. Rg7 Rf8 69. Rc7+ Kb5 70. Rxb7+ Kxa5 71. Kd5
Rd8+ 72. Ke6 Ka6 73. Rd7 Rh8 74. e4 Kb6 75. Kd5 Rh5+ 76. e5 Rg5 77. Kd6 Rg6+
78. e6 Rh6 79. Rg7 Rh1 80. Rg2 Rd1+ 81. Ke7 Kc6 82. Ke8 Kd6 83. e7 Ke6 84. Re2+
Kd6 85. Kd8 Kc6+ 86. Kc8 1-0

[Event "Brno festival"]
[Site "?"]
[Date "2015.08.24"]
[Round "3"]
[White "Stehlik, Jiri"]
[Black "Lanc, Alois"]
[Result "0-1"]
[WhiteElo "1979"]
[BlackElo "2290"]
[PlyCount "94"]

1. Nf3 c5 2. g3 Nc6 3. Bg2 e5 4. e4 g6 5. d3 Bg7 6. O-O d6 7. c4 Nge7 8. Nc3
O-O 9. a3 f5 10. h3 Nd4 11. Kh2 Nxf3+ 12. Bxf3 Nc6 13. Ne2 Qd7 14. Bg2 f4 15.
f3 fxg3+ 16. Kxg3 Qe7 17. Bd2 Bf6 18. Rb1 Bh4+ 19. Kh2 Bg5 20. b4 Rf7 21. Qc1
Bxd2 22. Qxd2 Be6 23. b5 Nd4 24. Nxd4 cxd4 25. f4 exf4 26. Rxf4 Bxc4 27. Rxf7
Bxf7 28. a4 Rc8 29. b6 a6 30. Rc1 Rc3 31. Bf3 Qe5+ 32. Kg2 Kg7 33. Rxc3 dxc3
34. Qc2 h5 35. Kf2 Qd4+ 36. Ke2 Qb4 37. Ke1 Bb3 38. Qc1 Qc5 39. Kf1 Be6 40. Kg2
Qe5 41. h4 Qd4 42. Qb1 Bd7 43. a5 Bb5 44. Be2 Qe3 45. Qc2 Qd2 46. Qxd2 cxd2 47.
Kf3 Ba4 0-1

[Event "Brno festival"]
[Site "?"]
[Date "2015.08.24"]
[Round "3"]
[White "Popper, Tomas"]
[Black "Novosadova, Kristyna"]
[Result "1/2-1/2"]
[WhiteElo "2034"]
[BlackElo "2226"]
[PlyCount "71"]

1. Nf3 Nf6 2. b4 g6 3. Bb2 Bg7 4. e3 O-O 5. c4 b6 6. d4 d5 7. Nbd2 dxc4 8. Bxc4
Bb7 9. O-O e6 10. Ne5 Nc6 11. Nxc6 Bxc6 12. b5 Bb7 13. Rc1 Qd7 14. Nf3 Ne4 15.
Qb3 Rfd8 16. a4 Rac8 17. Rfd1 Qe7 18. Nd2 Nxd2 19. Rxd2 c5 20. Bf1 cxd4 21.
Rxc8 Rxc8 22. Bxd4 Bd5 23. Qb2 Bxd4 24. Rxd4 f5 25. Rd1 Qg7 26. Qb4 Rc5 27. a5
Qc7 28. axb6 axb6 29. Qh4 Kg7 30. Qd4+ e5 31. Qa1 Kh6 32. Qa4 g5 33. Qa3 Kg6
34. h3 h5 35. Qd3 Kf6 36. Qa3 1/2-1/2

[Event "Brno festival"]
[Site "?"]
[Date "2015.08.24"]
[Round "3"]
[White "Skacelik, Petr"]
[Black "Kuchynka, Lubos"]
[Result "1-0"]
[WhiteElo "2172"]
[BlackElo "1980"]
[PlyCount "99"]

1. d4 Nf6 2. c4 e6 3. Nc3 Bb4 4. Qc2 Nc6 5. Nf3 d6 6. a3 Bxc3+ 7. Qxc3 O-O 8.
b4 e5 9. d5 Ne7 10. Bb2 c6 11. dxc6 bxc6 12. e3 a5 13. Be2 axb4 14. axb4 Rxa1+
15. Bxa1 Ng6 16. O-O e4 17. Nd2 Re8 18. Rd1 Ne5 19. Qd4 d5 20. b5 Qe7 21. Qxe5
Qxe5 22. Bxe5 Rxe5 23. bxc6 Kf8 24. c5 Re7 25. Ra1 Rc7 26. Bb5 Ng4 27. Nb3 Ne5
28. Nd4 Ke7 29. f4 exf3 30. gxf3 g5 31. Kf2 h5 32. Ke2 h4 33. Ra8 f6 34. Ra2
Ng6 35. Kd3 f5 36. Kc3 g4 37. f4 Nf8 38. Kd3 Nh7 39. Ke2 Nf6 40. Bd3 Ne4 41.
Bxe4 dxe4 42. Kf2 Kf6 43. Ra8 Ke7 44. Ke2 Kf6 45. Kd2 Kf7 46. Kc3 g3 47. hxg3
hxg3 48. Ra2 Kf6 49. Kb4 Be6 50. Rg2 1-0

[Event "Brno festival"]
[Site "?"]
[Date "2015.08.24"]
[Round "3"]
[White "Vyskocil, Neklan"]
[Black "Kopecek, Ivan"]
[Result "1-0"]
[WhiteElo "2376"]
[BlackElo "1952"]
[PlyCount "87"]

1. d4 f5 2. e4 fxe4 3. Nc3 Nf6 4. Bg5 g6 5. Qd2 d5 6. f3 Bg7 7. O-O-O O-O 8.
fxe4 Bg4 9. Be2 Bxe2 10. Qxe2 dxe4 11. d5 c6 12. Bxf6 Bxf6 13. Qxe4 Bxc3 14.
bxc3 cxd5 15. Qe6+ Kg7 16. Qe5+ Kg8 17. Nf3 Qd6 18. Qxd6 exd6 19. Rxd5 Nc6 20.
Rxd6 Rad8 21. Rhd1 Rxd6 22. Rxd6 Rf7 23. Kd2 Kf8 24. c4 Ke7 25. Rd5 Rf4 26. Kc3
h6 27. Rb5 b6 28. Rd5 g5 29. Nd4 Nxd4 30. Rxd4 Rf5 31. Rd5 Rf2 32. Rd2 Rf5 33.
Kb4 h5 34. Rd5 Ke6 35. Rxf5 Kxf5 36. c5 bxc5+ 37. Kxc5 Ke4 38. c4 Ke3 39. Kd5
Kf2 40. c5 Kxg2 41. c6 Kxh2 42. c7 g4 43. c8=Q g3 44. Qh8 1-0

[Event "Brno festival"]
[Site "?"]
[Date "2015.08.24"]
[Round "3"]
[White "Chudinovskikh, Alexander"]
[Black "Martisek, Karel"]
[Result "1-0"]
[WhiteElo "2275"]
[BlackElo "1869"]
[PlyCount "95"]

1. d4 d5 2. Nf3 Nf6 3. c4 e6 4. Nc3 c6 5. g3 Be7 6. Bg2 Nbd7 7. O-O O-O 8. b3
Re8 9. Bb2 Nf8 10. Qc2 Ng6 11. Rad1 Bd7 12. Rfe1 Bb4 13. a3 Bxc3 14. Bxc3 b5
15. Nd2 Rc8 16. e4 dxe4 17. Nxe4 Nxe4 18. Bxe4 Qc7 19. Qb2 bxc4 20. bxc4 Rb8
21. Qa1 f6 22. h4 c5 23. d5 e5 24. Re2 Ba4 25. Rde1 Qd7 26. h5 Nf8 27. f3 Qd6
28. Bd2 Re7 29. f4 Nd7 30. Bf5 Rbe8 31. Qb2 Nb6 32. Qc3 Bd7 33. fxe5 fxe5 34.
Bc2 Bg4 35. Rh2 Qd7 36. Bg5 Rf7 37. Rxe5 Rxe5 38. Qxe5 Nxc4 39. Qe4 Bf5 40.
Qxc4 Bxc2 41. Qxc2 Qxd5 42. Qd2 Qf3 43. Bf4 Qxa3 44. Re2 c4 45. Re8+ Rf8 46.
Qd5+ Kh8 47. Qf7 Qa1+ 48. Kh2 1-0

[Event "Brno festival"]
[Site "?"]
[Date "2015.08.24"]
[Round "3"]
[White "Markovic, Ivan"]
[Black "Zeman, Radek"]
[Result "1/2-1/2"]
[WhiteElo "2157"]
[BlackElo "1866"]
[PlyCount "84"]

1. e4 c5 2. Nf3 Nc6 3. d4 cxd4 4. Nxd4 Nf6 5. Nc3 d6 6. Bc4 Qb6 7. Nb3 e6 8.
O-O Be7 9. Be3 Qc7 10. f4 O-O 11. Bd3 Rd8 12. Qf3 Bd7 13. g4 Be8 14. g5 Nd7 15.
Qh3 Nf8 16. f5 d5 17. fxe6 d4 18. Bf4 Qc8 19. exf7+ Bxf7 20. Qxc8 Raxc8 21. Ne2
Ne6 22. h4 Nb4 23. Be5 Nxc2 24. Bxc2 Rxc2 25. Nexd4 Nxd4 26. Nxd4 Bc5 27. Rac1
Rxd4 28. Rxc2 Rc4+ 29. Rcf2 Rxe4 30. Bg3 Bxa2 31. Kh2 Bxf2 32. Rxf2 Bc4 33. Rd2
Re2+ 34. Rxe2 Bxe2 35. Kg1 h6 36. gxh6 gxh6 37. Kf2 Bg4 38. Ke3 Kf7 39. Kd4 Ke6
40. Bb8 a6 41. Kc5 Kf5 42. Bg3 Bf3 1/2-1/2

[Event "Brno festival"]
[Site "?"]
[Date "2015.08.24"]
[Round "3"]
[White "Meszaros, Ludek"]
[Black "Zitny, Petr"]
[Result "1-0"]
[WhiteElo "2123"]
[BlackElo "1848"]
[PlyCount "59"]

1. d4 d6 2. e4 Nf6 3. Nc3 c6 4. Nf3 g6 5. g3 Bg7 6. Bg2 O-O 7. O-O e5 8. dxe5
dxe5 9. Qxd8 Rxd8 10. Nxe5 Nxe4 11. Nxf7 Nxc3 12. Nxd8 Ne2+ 13. Kh1 Nxc1 14.
Raxc1 Bf6 15. Rfe1 Kf8 16. c3 Bxd8 17. Rcd1 Bf6 18. Rd6 Kf7 19. Bf1 Bd7 20.
Bc4+ Kg7 21. Be6 Be7 22. Rd3 Bxe6 23. Rxe6 Kf7 24. Re4 c5 25. b4 b5 26. Rf3+
Ke8 27. Rf6 a6 28. Rb6 Kd7 29. Rb7+ Kd6 30. Rexe7 1-0

[Event "Brno festival"]
[Site "?"]
[Date "2015.08.24"]
[Round "3"]
[White "Blazek, Pavel"]
[Black "Musil, Jiri"]
[Result "0-1"]
[WhiteElo "1769"]
[BlackElo "2122"]
[PlyCount "108"]

1. e4 c5 2. Nf3 d6 3. d4 cxd4 4. Nxd4 Nf6 5. Nc3 a6 6. Bg5 e6 7. f4 b5 8. Qf3
Bb7 9. Bd3 Qb6 10. Bxf6 gxf6 11. Qe3 Rg8 12. Rg1 Nc6 13. Nce2 Nb4 14. Qh3 Qa5
15. Nc3 Rg7 16. Nb3 Qb6 17. O-O-O Nxd3+ 18. Qxd3 b4 19. Ne2 d5 20. exd5 Bxd5
21. g3 f5 22. Rge1 Be7 23. Ned4 Be4 24. Qe2 Rc8 25. Rd2 a5 26. Qb5+ Qxb5 27.
Nxb5 a4 28. N3d4 h5 29. Ne2 h4 30. Red1 Bd5 31. Kb1 hxg3 32. Nxg3 Rc5 33. Nxf5
Bxa2+ 34. Kxa2 Rxf5 35. Nd6+ Bxd6 36. Rxd6 Rxf4 37. Ra6 Rg2 38. Rxa4 Rxc2 39.
Kb3 Rxh2 40. Ra8+ Ke7 41. Ra7+ Kf6 42. Rdd7 Kg6 43. Rdb7 e5 44. Ra4 Rh3+ 45.
Ka2 b3+ 46. Ka3 Rxa4+ 47. Kxa4 f5 48. Rb6+ Kf7 49. Rb7+ Ke6 50. Rb6+ Kd7 51.
Rb5 Re3 52. Rd5+ Kc6 53. Rd8 f4 54. Rc8+ Kd7 0-1

[Event "Brno festival"]
[Site "?"]
[Date "2015.08.24"]
[Round "3"]
[White "Majer, Jiri"]
[Black "Kaplan, Milan"]
[Result "1-0"]
[WhiteElo "2077"]
[BlackElo "1815"]
[PlyCount "133"]

1. d4 Nf6 2. c4 e6 3. g3 c5 4. Nf3 cxd4 5. Nxd4 Bb4+ 6. Bd2 Be7 7. Bg2 O-O 8.
Nc3 Nc6 9. Nc2 d5 10. cxd5 exd5 11. Be3 Bf5 12. Nd4 Bg6 13. O-O Ne4 14. Nxc6
bxc6 15. Nxe4 Bxe4 16. Bxe4 dxe4 17. Qc2 Qd5 18. Rfd1 Qb5 19. Bd4 f5 20. Rac1
c5 21. Bxc5 Bxc5 22. Qxc5 Qxe2 23. Qd5+ Kh8 24. Rd2 Qg4 25. Rc7 h5 26. Qe5 Rac8
27. h3 Qg5 28. Qe7 Qxe7 29. Rxe7 Rc6 30. Rdd7 Rg6 31. Rf7 Rxf7 32. Rxf7 h4 33.
Rxf5 hxg3 34. Ra5 gxf2+ 35. Kxf2 Rf6+ 36. Ke3 Rf3+ 37. Kxe4 Rxh3 38. Rxa7 Rh4+
39. Kf5 Rh5+ 40. Kg6 Rh6+ 41. Kg5 Rb6 42. b3 Kh7 43. Rf7 Ra6 44. a4 Rg6+ 45.
Kh4 Rh6+ 46. Kg3 Rg6+ 47. Kf2 Rb6 48. Rf3 Kg6 49. Ke2 Kg5 50. Kd2 Kg4 51. Rd3
g5 52. Kc3 Kh4 53. b4 Rc6+ 54. Kb3 Rf6 55. a5 g4 56. Ka4 g3 57. Rd1 g2 58. Rg1
Kg3 59. b5 Rf4+ 60. Kb3 Kf2 61. Rxg2+ Kxg2 62. a6 Rf5 63. Kc4 Rf4+ 64. Kc5 Ra4
65. Kb6 Kf2 66. Ka7 Rf4 67. b6 1-0

[Event "Brno festival"]
[Site "?"]
[Date "2015.08.24"]
[Round "3"]
[White "Zuziak, Petr"]
[Black "Straka, Vojtech"]
[Result "0-1"]
[WhiteElo "1985"]
[BlackElo "1770"]
[PlyCount "80"]

1. d4 d5 2. Nf3 Nf6 3. e3 e6 4. Bd3 c5 5. b3 Nc6 6. O-O Bd6 7. Nbd2 O-O 8. Bb2
b6 9. Ne5 Bb7 10. f4 Nb4 11. Be2 Ne4 12. a3 Nc6 13. Bd3 f5 14. Rf3 Bxe5 15.
fxe5 Qg5 16. Nxe4 fxe4 17. Rg3 Qf5 18. Be2 Qf2+ 19. Kh1 Rf7 20. Qe1 Raf8 21. h3
Ne7 22. Bg4 Qxe1+ 23. Rxe1 Rf1+ 24. Rxf1 Rxf1+ 25. Kh2 Bc8 26. dxc5 bxc5 27. a4
Rf2 28. Ba3 Rxc2 29. Kg1 Nc6 30. Kf1 Nxe5 31. Bd1 Ba6+ 32. Kg1 Ra2 33. Bxc5 Ra1
34. Bd4 Rxd1+ 35. Kh2 Ng6 36. h4 e5 37. Bxa7 Rb1 38. h5 Ne7 39. h6 g6 40. Rg5
Nc6 0-1

[Event "Brno festival"]
[Site "?"]
[Date "2015.08.24"]
[Round "3"]
[White "Zeman, Arnost"]
[Black "Zikan, Karel"]
[Result "1-0"]
[WhiteElo "1969"]
[BlackElo "1735"]
[PlyCount "113"]

1. d4 Nf6 2. Bf4 d5 3. Nd2 Bf5 4. e3 e6 5. h3 c6 6. Ngf3 Bd6 7. c3 O-O 8. Nh4
Bg6 9. Nxg6 hxg6 10. Bd3 Bxf4 11. exf4 Nbd7 12. Qe2 Qc7 13. g3 c5 14. Nf3 a6
15. Kf1 b5 16. Kg2 cxd4 17. cxd4 Rac8 18. h4 Nb6 19. b3 Rfd8 20. Rad1 Qb7 21.
Ng5 Nh5 22. Bxg6 fxg6 23. Qxe6+ Kh8 24. Nf7+ Kh7 25. Nxd8 Rxd8 26. f5 gxf5 27.
Qxf5+ g6 28. Qg5 Rf8 29. Rde1 Rf7 30. Rhf1 Qd7 31. Re5 Ng7 32. g4 Ne6 33. Qe3
Nf4+ 34. Kg3 Qd6 35. Re1 Ne6 36. f4 Nxf4 37. Rf1 Nh5+ 38. Kg2 Rxf1 39. Kxf1
Qf6+ 40. Ke2 Ng7 41. h5 gxh5 42. gxh5 Qh4 43. Qg1 Nxh5 44. Qb1+ Kg7 45. Qg1+
Kh7 46. Re8 Ng3+ 47. Kd3 Qg5 48. Qh2+ Nh5 49. Qc7+ Ng7 50. Re7 Qf5+ 51. Kc3 Qg5
52. Kb4 Qd2+ 53. Kc5 Qc3+ 54. Kxb6 Qxd4+ 55. Kxa6 Qf6+ 56. Kxb5 Qf1+ 57. Kc5
1-0

[Event "Brno festival"]
[Site "?"]
[Date "2015.08.24"]
[Round "3"]
[White "Krajicek, Filip"]
[Black "Spodny, Josef"]
[Result "1/2-1/2"]
[WhiteElo "1663"]
[BlackElo "1959"]
[PlyCount "30"]

1. d4 Nf6 2. Nf3 e6 3. Bf4 d5 4. e3 Bd6 5. Bg3 O-O 6. Bd3 b6 7. c3 Ba6 8. Bxa6
Nxa6 9. Qd3 Nb8 10. Bxd6 Qxd6 11. O-O Nbd7 12. Nbd2 e5 13. dxe5 Nxe5 14. Nxe5
Qxe5 15. Nf3 Qe7 1/2-1/2

[Event "Brno festival"]
[Site "?"]
[Date "2015.08.24"]
[Round "3"]
[White "Kubala, Karel"]
[Black "Barak, David"]
[Result "1-0"]
[WhiteElo "1955"]
[BlackElo "1325"]
[PlyCount "89"]

1. d4 d5 2. Nf3 e6 3. g3 Nf6 4. Bg2 Nbd7 5. O-O Bd6 6. Nc3 O-O 7. e4 dxe4 8.
Ng5 c6 9. Ngxe4 Nb6 10. Qd3 Nbd5 11. a3 Re8 12. Nxd6 Qxd6 13. Ne4 Nxe4 14. Bxe4
Nf6 15. Bf4 Qd7 16. Bg2 b6 17. Bg5 Nd5 18. c4 Ne7 19. Rfd1 Bb7 20. Rd2 h6 21.
Bf4 Rad8 22. Rad1 Ba6 23. Qc2 Qc8 24. b4 Bb7 25. a4 a6 26. Rc1 Rd7 27. h4 Ng6
28. Be3 Ne7 29. Rcd1 Red8 30. Be4 Kh8 31. Kh2 Kg8 32. Bf4 Kh8 33. Be3 Qc7 34.
Rg1 Kg8 35. Qd1 Kh8 36. Qe2 Ng8 37. Bb1 Nf6 38. Bf4 Qc8 39. Be5 Ne8 40. Qe3 Kg8
41. Rgd1 Ba8 42. c5 b5 43. g4 g6 44. Qxh6 Qb7 45. Qh8# 1-0

[Event "Brno festival"]
[Site "?"]
[Date "2015.08.24"]
[Round "3"]
[White "Licka, Vlastimil"]
[Black "Glozar, Petr"]
[Result "0-1"]
[WhiteElo "1950"]
[BlackElo "1588"]
[PlyCount "68"]

1. e4 c5 2. Nf3 Nc6 3. Nc3 g6 4. d4 cxd4 5. Nxd4 Bg7 6. Be3 Nf6 7. f4 d6 8. Be2
Qa5 9. O-O O-O 10. Kh1 Bd7 11. Nb3 Qc7 12. Bf3 Rfd8 13. Qe2 Rac8 14. Nb5 Qb8
15. c3 a6 16. Na3 b5 17. Rfc1 Be6 18. Nd4 Nxd4 19. Bxd4 b4 20. Nc2 bxc3 21.
bxc3 Bc4 22. Qf2 d5 23. e5 Ne4 24. Qe3 Bh6 25. Na3 Qb2 26. Nxc4 Rxc4 27. Bxe4
dxe4 28. Qxe4 Rdxd4 29. Qa8+ Kg7 30. Rab1 Qd2 31. g3 Rxc3 32. Rxc3 Qxc3 33. Qb7
Rd2 34. Qe4 Rxa2 0-1

[Event "Brno festival"]
[Site "?"]
[Date "2015.08.24"]
[Round "3"]
[White "Janous, Petr"]
[Black "Halamka, Radek"]
[Result "1/2-1/2"]
[WhiteElo "1883"]
[BlackElo "1741"]
[PlyCount "33"]

1. e4 c5 2. b3 Nc6 3. Bb2 d6 4. Bb5 Bd7 5. Ne2 a6 6. Bxc6 Bxc6 7. d3 e6 8. O-O
Nf6 9. Nd2 Be7 10. Ng3 b5 11. f4 O-O 12. f5 a5 13. fxe6 fxe6 14. Nh5 e5 15.
Nxf6+ Rxf6 16. Rxf6 Bxf6 17. a4 {(R)} 1/2-1/2

[Event "Brno festival"]
[Site "?"]
[Date "2015.08.24"]
[Round "3"]
[White "Jurak, Stanislav"]
[Black "Feldvabl, Vilem"]
[Result "1-0"]
[WhiteElo "1835"]
[BlackElo "1628"]
[PlyCount "67"]

1. d4 d5 2. c4 e6 3. Nc3 Nf6 4. Nf3 Be7 5. e3 Nbd7 6. Bd3 O-O 7. a3 dxc4 8.
Bxc4 b6 9. O-O Bb7 10. b4 a5 11. b5 Rc8 12. Qe2 Ne4 13. Nxe4 Bxe4 14. Bb2 Nf6
15. Ne5 Nd7 16. Nc6 Bxc6 17. bxc6 Nb8 18. Bb5 Qd5 19. e4 Qg5 20. Rac1 h5 21. h3
Rcd8 22. f4 Qh6 23. Kh2 Bd6 24. e5 Be7 25. Qf3 f5 26. Rcd1 g5 27. fxg5 Bxg5 28.
g3 Kh8 29. h4 Be7 30. Bc1 Qg6 31. Rf2 Rf7 32. Bf4 Qg4 33. Qb3 Bxa3 34. Be2 1-0

[Event "Brno festival"]
[Site "?"]
[Date "2015.08.24"]
[Round "3"]
[White "Habina, Martin"]
[Black "Lisik, Miroslav"]
[Result "1-0"]
[WhiteElo "2010"]
[BlackElo "1692"]
[PlyCount "79"]

1. d4 Nf6 2. Bg5 Ne4 3. Bf4 c5 4. f3 Qa5+ 5. c3 Nf6 6. d5 Qb6 7. b3 g6 8. e4
Bg7 9. Bd3 O-O 10. Ne2 d6 11. Nd2 Nbd7 12. Nc4 Qc7 13. a4 a5 14. Qd2 Nb6 15.
Bh6 e6 16. Bxg7 Kxg7 17. Nxb6 Qxb6 18. Bb5 exd5 19. exd5 Bd7 20. c4 Rfe8 21.
O-O Re7 22. Ng3 Qd8 23. Rfe1 Rxe1+ 24. Qxe1 Bxb5 25. axb5 b6 26. Qc3 Kg8 27.
Re1 Ra7 28. Re2 Rb7 29. f4 Nh5 30. Ne4 f5 31. Nxd6 Re7 32. Rxe7 Qxe7 33. Qe5
Qxe5 34. fxe5 Nf4 35. e6 Kf8 36. Nc8 Ne2+ 37. Kf2 Nc1 38. d6 Ke8 39. d7+ Kd8
40. Nd6 1-0

[Event "Brno festival"]
[Site "?"]
[Date "2015.08.24"]
[Round "3"]
[White "Hruza, Dominik"]
[Black "Paulik, Martin"]
[Result "1/2-1/2"]
[WhiteElo "1652"]
[BlackElo "1891"]
[PlyCount "99"]

1. e4 d6 2. d4 Nf6 3. Nc3 g6 4. Nf3 Bg7 5. Be2 Nbd7 6. O-O O-O 7. Bg5 e5 8.
dxe5 dxe5 9. Qd2 Re8 10. Rad1 c6 11. h3 Qc7 12. Qd6 Qb6 13. Na4 Qa5 14. Nc3 Bf8
15. Qd2 Bb4 16. Bd3 Bxc3 17. Qxc3 Qxc3 18. bxc3 Kg7 19. Nd2 Nc5 20. Be3 Na4 21.
c4 c5 22. Rb1 b6 23. Rb3 Bd7 24. Re1 Rab8 25. Nf1 a6 26. Reb1 b5 27. cxb5 axb5
28. c4 b4 29. Bd2 Nb6 30. Ne3 Ba4 31. R3b2 Rbd8 32. Nd5 Nxe4 33. Bxb4 Nxd5 34.
cxd5 Nxf2 35. Kxf2 cxb4 36. Bc4 e4 37. Ke3 Re7 38. Rxb4 Bc2 39. R1b2 Bd3 40.
Rd2 f5 41. Bxd3 exd3+ 42. Kxd3 Rxd5+ 43. Rd4 Ra5 44. a4 Rea7 45. Ra2 Kf6 46.
Rb4 Ke6 47. Kc3 Kd6 48. Kb3 Rd5 49. Kc3 Rda5 50. Kb3 1/2-1/2

[Event "Brno festival"]
[Site "?"]
[Date "2015.08.24"]
[Round "3"]
[White "Koci, Tereza"]
[Black "Effenberger, Adam"]
[Result "0-1"]
[WhiteElo "1621"]
[BlackElo "1785"]
[PlyCount "80"]

1. e4 c5 2. Nf3 e6 3. d4 cxd4 4. Nxd4 a6 5. Nc3 b5 6. a3 d6 7. Bd3 Nf6 8. Be3
Be7 9. f4 Bb7 10. O-O O-O 11. Rf3 Nbd7 12. Rh3 e5 13. Nf3 Rc8 14. fxe5 {(R)}
dxe5 15. Qd2 Ng4 16. Kh1 Nxe3 17. Qxe3 Bc5 18. Qe1 Re8 19. Qh4 Qxh4 20. Nxh4
Nf6 21. Rf1 Bd4 22. Nf5 Bxc3 23. Nd6 Bxb2 24. Nxe8 Rxe8 25. Rb1 Bxa3 26. Bxb5
axb5 27. Rxa3 Bxe4 28. Rxb5 Bxc2 29. Rb2 Bg6 30. Rab3 e4 31. Rb8 Kf8 32. Kg1
Rxb8 33. Rxb8+ Ke7 34. h3 Ke6 35. Kf2 Ke5 36. Rb5+ Nd5 37. Rb8 f5 38. Rg8 Kf6
39. Rf8+ Bf7 40. Rd8 g5 0-1

[Event "Brno festival"]
[Site "?"]
[Date "2015.08.24"]
[Round "3"]
[White "Dumkova, Daniela"]
[Black "Tajovsky, Matej"]
[Result "1-0"]
[WhiteElo "1777"]
[BlackElo "1556"]
[PlyCount "109"]

1. d4 d5 2. c4 e6 3. Nf3 Nf6 4. g3 b6 5. Bg2 Bb7 6. O-O Nbd7 7. Nbd2 Be7 8. b3
O-O 9. Bb2 c5 10. Ne5 Qc7 11. cxd5 exd5 12. Ndf3 Rfe8 13. Rc1 Nxe5 14. Nxe5
Rad8 15. e3 Bd6 16. Nd3 Ba6 17. dxc5 bxc5 18. Bxf6 gxf6 19. Qg4+ Kh8 20. Rfd1
Rg8 21. Qh4 Qe7 22. Nxc5 Bc8 23. Bf3 Rg5 24. Rxd5 Rxd5 25. Bxd5 Bxc5 26. Rxc5
Be6 27. e4 Rg8 28. Rc1 Rg4 29. Qh6 Rg6 30. Qf4 Bh3 31. e5 Qd7 32. Bf3 fxe5 33.
Qxe5+ Kg8 34. Rd1 Re6 35. Rxd7 Rxe5 36. Rd1 Ra5 37. a4 Be6 38. Rd3 Ra6 39. Kg2
Rb6 40. Bd1 Kg7 41. h3 Bf5 42. Rd4 a5 43. g4 Be6 44. Rd3 Kf6 45. f4 Bc8 46. Kg3
Bb7 47. Re3 Rd6 48. Be2 Bc6 49. Bc4 Rd1 50. Rd3 Rg1+ 51. Kh4 Be4 52. Rd7 Bg6
53. f5 Bxf5 54. Rxf7+ Kg6 55. Rxf5 1-0

[Event "Brno festival"]
[Site "?"]
[Date "2015.08.24"]
[Round "3"]
[White "Fryda, Dominik"]
[Black "Perutka, Tomas"]
[Result "1-0"]
[WhiteElo "1584"]
[BlackElo "1756"]
[PlyCount "83"]

1. e4 e6 2. d4 d5 3. Nd2 Nf6 4. e5 Nfd7 5. f4 c5 6. c3 Nc6 7. Ndf3 cxd4 8. Nxd4
Qb6 9. Ngf3 Bc5 10. a3 a5 11. b3 O-O 12. Bd3 g6 13. Be3 Nxd4 14. Nxd4 Qd8 15.
Qe2 Qe7 16. Nb5 f5 17. Kd2 Bxe3+ 18. Qxe3 Nc5 19. Kc2 Bd7 20. Nd6 Nxd3 21. Qxd3
Bc6 22. Qd4 Qd7 23. Rag1 a4 24. b4 Kh8 25. g4 Qe7 26. h4 Rg8 27. gxf5 gxf5 28.
Rg5 h6 29. Rgg1 {(R)} Rxg1 30. Rxg1 Rg8 31. Rxg8+ Kxg8 32. Qg1+ Qg7 33. Qxg7+
Kxg7 34. h5 Kf8 35. Kd3 Ke7 36. Kd4 Kd7 37. b5 Bxb5 38. Nxb5 Kc6 39. Nd6 b6 40.
Nf7 b5 41. Nxh6 b4 42. cxb4 1-0

[Event "Brno festival"]
[Site "?"]
[Date "2015.08.24"]
[Round "3"]
[White "Glacner, Karel"]
[Black "Kosina, Vladimir"]
[Result "0-1"]
[WhiteElo "1550"]
[BlackElo "1734"]
[PlyCount "96"]

1. Nf3 Nf6 2. c4 e6 3. g3 d5 4. d4 c6 5. Ne5 Be7 6. Bg2 O-O 7. O-O Bd7 8. Nc3
Na6 9. c5 Be8 10. a3 Nd7 11. f4 f6 12. Nf3 Nc7 13. b4 Bf7 14. g4 Kh8 15. h4 Rg8
16. Kh2 a6 17. g5 Qe8 18. Rh1 Bh5 19. Kg3 Bd8 20. e4 Nb5 21. Nxb5 axb5 22. Re1
Qf7 23. Ra2 Bc7 24. Qb3 Ra4 25. exd5 exd5 26. Rae2 Bd8 27. Qe3 Nf8 28. Bh3 Ra8
29. Bg4 Bxg4 30. Kxg4 h5+ 31. Kg3 Qd7 32. Nh2 Ng6 33. Qe6 Qxe6 34. Rxe6 Kh7 35.
f5 Bc7+ 36. Kf2 Nxh4 37. g6+ Kh8 38. Ng4 Nxf5 39. Rh1 Bg3+ 40. Kf3 h4 41. Be3
Rxa3 42. Nxf6 Nxd4+ 43. Kg4 Nxe6 44. Bg5 Nxg5 45. Nh5 Rga8 46. Nxg3 Rxg3+ 47.
Kxh4 Rh3+ 48. Rxh3 Nxh3 0-1

[Event "Brno festival"]
[Site "?"]
[Date "2015.08.24"]
[Round "3"]
[White "Vavrinkova, Anna"]
[Black "Vavrinkova, Eliska"]
[Result "0-1"]
[WhiteElo "1399"]
[BlackElo "1395"]
[PlyCount "80"]

1. e4 d5 2. exd5 Qxd5 3. Nc3 Qd6 4. d4 c6 5. g3 Nf6 6. Bg2 Bf5 7. Bf4 Qd8 8.
Nf3 e6 9. O-O Bd6 10. Qd2 Qc7 11. Bxd6 Qxd6 12. Rfe1 O-O 13. Rad1 Nbd7 14. a4
Nb6 15. Ne5 Rfd8 16. b3 Rac8 17. Ne2 Qc7 18. c4 Nbd7 19. Nxd7 Rxd7 20. Nf4 Rcd8
21. Qc3 e5 22. Ne2 Be6 23. Qa1 e4 24. Nf4 Bg4 25. Rd2 Qa5 26. Qb2 Rxd4 27. b4
Rxd2 28. Qxd2 Rxd2 29. bxa5 Rd1 30. Rxd1 Bxd1 31. Kf1 Bxa4 32. Ke2 Kf8 33. Ke3
Bc2 34. Bh3 Ke7 35. Bc8 b6 36. axb6 axb6 37. Bb7 c5 38. Nd5+ Nxd5+ 39. Bxd5 Bd3
40. Bxe4 Bxe4 0-1